Współczesne panstwa III Rzeszy - Statystyki

Ogólne statystyki
  • Ten quiz został rozwiązany 464 razy
    76 od ostatniego zresetowania
  • Średni wynik to 19 z 27
Odpowiedzi na mapie
Odpowiedzi zakodowano w zielono-czerwonej skali na mapie do tego quizu, zgodnie z poniższymi procentami.
 
Statystyki odpowiedzi
Panstwo % Poprawnych
Polska
87%
Niemcy
84%
Austria
79%
Belgia
79%
Francja
78%
Francja
78%
Ukraina
78%
Czechy
76%
Litwa
76%
Białoruś
76%
Łotwa
75%
Rosja
73%
Luksemburg
71%
Estonia
70%
Grecja
70%
Dania
68%
Norwegia
68%
Serbia
68%
Albania
68%
Włochy
67%
Słowenia
65%
Rumunia
63%
Czarnogóra
60%
Węgry
59%
Kosowo
57%
San marino
49%
Macedonia Północna
30%
Nie znaleziono quizów pasujących do podanych kryteriów
Rozkład punktacji
Procent ludzi z każdym wynikiem
Percentyl według liczby udzielonych odpowiedzi
Twoja historia wyników
Nie rozwiązałeś tego quizu od ostatniego zresetowania